Acteurs par lettre : M - Statistiques

Statistiques générales
  • Ce quiz a été pris 100 fois
  • Le résultat moyen est 7 sur 15
Statistiques - réponses
Films / Séries Années Acteurs % Correct
La Boum / Braveheart 1966- Sophie Marceau
90%
Joséphine ange gardien / Le prix de la loyauté 1957- Mimie Mathy
84%
Le Flic de Beverly Hills / un Prince à New-York 1961- Eddy Murphy
81%
Peaky Blinders / Oppenheimer 1976- Cillian Murphy
80%
Bienvenue chez les ch'tis / Les Choristes 1964- Kad Merad
74%
Certains l'aime chaud / Les Hommes préfèrent les blondes 1926-1962 Marylin Monroe
63%
Ghost / Striptease 1962- Demi Moore
56%
Spider-Man / Gatsby le Magnifique 1975- Tobey Maguire
40%
La vie est un long fleuve tranquille / Le Pianiste 1974- Benoît Magimel
30%
La Grande évasion / Le Mans 1930-1980 Steve Mcqueen
30%
Le Quai des brumes / les Grandes Manoeuvres 1920-2016 Michèle Morgan
29%
A History of violence / Greenbook : Sur les routes du Sud 1958- Viggo Mortensen
29%
Les Liaisons dangereuses / Des Souris et des hommes 1953- John Malkovich
10%
L'Attachement / Une Année difficile 1984- Pio Marmai
10%
Le Quai des Orfèvres / Papi-Sitter 1958- Olivier Marchal
7%
Aucun quiz correspondant
Distribution des résultats
% des personnes avec chaque résultat
Percentile par nombre de réponses
Votre historique - résultats
Vous n’avez pas pris ce quiz